000 00810nam0a22002771 4500
001 RU\NLR\INFOCOMM_223\5000022538
005 20250613090059.0
010 _93500
_bВ пер.
_d10 р.
035 _a(NLR Aleph) 009050517
090 _a9571857
_c9571857
100 _a20080910d1953 |||y0rusy50 ca
101 0 _afre
102 _aRU
105 _aab z 000zy
200 1 _aLa Kazakhie Soviétique
_fP. Alampiev
210 _aΜ.
_cEd. en langues étrangères
_d1953
215 _a220 с., [16] л. ил.
_cил., карт.
_d17 см
607 _aКазахская ССР
_2nlr_sh1
686 _aИ4-992
_2rubbk
700 1 _aAlampiev
_bP. M.
_gPetr Martynovič
_4070
801 1 _aRU
_bNLR
_c20080910
801 0 _aRU
_bNLR
_gPSBO
852 _aNLR
_jИр51 Г-1/22
942 _cBOOK
980 _aNB